Giới thiệu đề thi tuyển sinh đại học và cao đẳng môn toán: Từ năm học 1999-2000 đến 2003-2004

Shranjeno v:
Bibliografske podrobnosti
Glavni avtor: Lê Anh Vũ
Format: Knjiga
Jezik:Undetermined
Izdano: Hà Nội Đại học Sư phạm Hà Nội 2003
Teme:
Oznake: Označite
Brez oznak, prvi označite!
Thư viện lưu trữ: Trung tâm Học liệu Trường Đại học Cần Thơ
LEADER 00718nam a2200217Ia 4500
001 CTU_90791
008 210402s9999 xx 000 0 und d
020 |c 30000 
082 |a 510.076 
082 |b V500 
100 |a Lê Anh Vũ 
245 0 |a Giới thiệu đề thi tuyển sinh đại học và cao đẳng môn toán: 
245 0 |b Từ năm học 1999-2000 đến 2003-2004 
245 0 |c Lê Anh Vũ, Vũ Thế Hựu, Đoàn Quỳnh Lâm 
260 |a Hà Nội 
260 |b Đại học Sư phạm Hà Nội 
260 |c 2003 
650 |a mathematics 
650 |x problems,exercises 
904 |i Trúc 
980 |a Trung tâm Học liệu Trường Đại học Cần Thơ